| 000 | 01037cam a2200301 a 4500 | ||
|---|---|---|---|
| 001 | 000003129 | ||
| 005 | 20200929150334.0 | ||
| 008 | 960508s1995 ck c b 001 m spa | ||
| 020 | _a9589430015 (tomo 1) | ||
| 020 | _a9589430007 (obra completa) | ||
| 040 |
_aDO-SdBNP _cDLC _dDLC |
||
| 082 |
_a792.09861 _bA634t |
||
| 245 | 0 | 0 |
_aAntología del teatro experimental en Bogotá / _cFernando Duque Mesa...[et al]. |
| 260 |
_aSantafé de Bogotá : _bInstituto Distrital de Cultura y Turismo, _c1995. |
||
| 300 |
_at. : _bretrs. ; _c24 cm. |
||
| 500 | _aLa biblioteca posee el tomo 1. | ||
| 650 | 4 |
_aTeatro experimental _zColombia _xHistoria _99868 |
|
| 650 | 4 |
_aDrama colombiano _99869 |
|
| 700 | 1 |
_aGarcía, Santiago. _99870 |
|
| 700 | 1 |
_aAssad, José. _99871 |
|
| 700 | 1 |
_aReyes, Carlos José. _99872 |
|
| 700 | 1 |
_aTorres, Críspulo. _99873 |
|
| 700 | 1 |
_aAfanador Soto, Hugo. _99874 |
|
| 700 | 1 |
_aMoreu, Darío. _99875 |
|
| 700 | 1 |
_aPizarro, Mabel. _99876 |
|
| 710 | 2 |
_aTeatro Quimera. _99877 |
|
| 910 | _aCatalogación por copia / LC | ||
| 999 |
_c2960 _d2960 |
||